000 00647nam a2200241 a 4500
001 nice12345678
003 IN_TiNIC
005 20260116012301.0
008 050524s1984 usaa grp 000 0 eng
020 _a0865543
_c294
082 0 0 _a207
_bWEN
100 _aWentz, Richard Eugene
245 _aContemplation of Otherness
_b the Critical Vision of Religion
260 _aUSA
_bMercer University Press
_c1984
300 _a132p
500 _aincludes index and biblioraphy
505 2 _aIndex
650 _aChristianity-Study and Teaching
700 1 _aWentz, Richard Eugene
902 _bSRS
942 _cBK
999 _c6382
_d6382